000 00625nam a2200277Ia 4500
005 20260324134510.0
008 008 260324s9999 xx 000 0 eng d
020 _a9781315073354
037 _aEBOOK
040 _aCRL
040 _beng
040 _cCRL
041 _2eng
041 _aeng
084 _qCRL
100 _aIan Nish
_9648582
245 0 _aIan Nish - Collected Writings
260 _bTaylor and Francis
260 _c2001
365 _a
365 _b480
856 _uhttp://www.taylorfrancis.com/books/9781315073354
942 _cEBOOK
999 _c1797217
_d1797217